| 000 | 00887nam a22002655i 4500 | ||
|---|---|---|---|
| 001 | 15598 | ||
| 003 | ES-MaACL | ||
| 005 | 20250806053706.0 | ||
| 007 | t| | ||
| 008 | 000404m19941996sp ||||0| spa | ||
| 020 | _a84-7880-381-5 | ||
| 080 | _a616.89(460)(091) | ||
| 100 | 1 |
_aGonzález Duro, E., _d1939- _958607 |
|
| 245 | 1 | 0 |
_aHistoria de la locura en España / _cEnrique González Duro. |
| 250 | _a1ª ed. | ||
| 260 |
_aMadrid : _bTemas de Hoy, _c1994-1996. |
||
| 300 |
_a3 v. : _bil. ; _c21 cm. |
||
| 490 | 1 | _aHistoria de la España sorprendente | |
| 504 | _aBibliografía. | ||
| 505 | 0 | _a1. Siglos XIII al XVII - 2. Siglos XVIII y XIX - 3. Del reformismo del siglo XIX al franquismo | |
| 650 | 1 | 7 |
_aEnfermedades mentales- _zEspaña _2 _9173391 |
| 830 | 1 |
_aHistoria de la España sorprendente _9179799 |
|
| 852 |
_aES-MaACL _jL-22795-97 |
||
| 999 |
_c15598 _d15598 |
||